000 00702nam a2200205 a 4500
001 20813
003 CO-ViMGA
008 141112s2004 ck r 000 u spa d
020 _a9588048060
040 _aCO-ViMGA
_bspa
_cCO-ViMGA
082 0 4 _a986.0003 F431m
100 1 _aFidalgo, Joaquín Francisco
_93271
245 1 0 _aNotas de la expedición Fidalgo (1790 - 1805)
260 _aBogotá :
_bInstituto Internacional de estudios del caribe,
_c1999
300 _a109p
590 _aForma de adquisición : Reposición - - Precio : 15000 - - Fecha de adquisición : Junio 2006
650 1 4 _aINDIGENAS DE COLOMBIA - HISTORIA
_93272
650 1 4 _aINDIGENAS DEL CARIBE - HISTORIA
_93273
942 _2ddc
_cBK
999 _c9839
_d9839